| 000 | 00515nam a2200121Ia 4500 | ||
|---|---|---|---|
| 008 | 171212s9999 xx 000 0 und d | ||
| 020 | _a9780833094469 | ||
| 100 | _aCulbertson, Shelly;Oliker, Olga;Baruch, Ben;Blum, Ilana | ||
| 245 |
_cCulbertson, Shelly;Oliker, Olga;Baruch, Ben;Blum, Ilana _aRethinking Coordination of Services to Refugees in Urban Areas _bManaging the Crisis in Jordan and Lebanon |
||
| 260 |
_bRAND Corporation _c2016 |
||
| 650 | _aHistory | ||
| 856 | _uhttp://jstor.org/stable/10.7249/j.ctt1c2crxs | ||
| 999 |
_c352500 _d352500 |
||